| 000 | 01237nam a2200289 i 4500 | ||
|---|---|---|---|
| 003 | EG-GICUC | ||
| 005 | 20260127135628.0 | ||
| 008 | 260127s1934 -uk||||fr|||| 001 0 eng d | ||
| 040 |
_aEG-GiCUC _beng _cEG-GiCUC _dEG-GiCUC _erda |
||
| 041 | 0 | _aeng | |
| 082 | 0 | 4 |
_221 _a341.9 _bGA . S |
| 092 | 0 | 4 | _221 |
| 099 | _aLaw1 12 341.9 GA . S 1934 | ||
| 100 | 1 |
_a Gathorne-hardy, G. M. _eAuthor. |
|
| 245 |
_aShort History Of International Affairs 1920 To 1934 / _cBy G. M. Gathorne-hardy, Preface By The Rt. Hon. Lord Eustace Percy. |
||
| 264 |
_aOxford : _bOxford University Press, _c1934. |
||
| 300 |
_a351 pagesm _c24 cm. |
||
| 336 |
_2rda content _atext |
||
| 337 |
_2rda media _aComputer |
||
| 338 |
_2rda carrier _aOnline Resource |
||
| 500 | _aOf revolutions and intrigues, The War, its causes, course, and crime, The ups and downs of pacts and leagues, And wounds as yet unhealed by times Such are the themes you treat, who dare (A risk which many a heart dismays) To stir hot ashes, which may flare At any moment to a blaze HORACE, Odes, II | ||
| 546 | _aText in English | ||
| 650 | 1 | 4 | _aPrivate international law |
| 856 | 4 | 0 | _uhttps://fll.law.cu.edu.eg/fulltext/bks/B12-01795.pdf |
| 905 | _a48 | ||
| 942 |
_2ddc _cBK _e21 _n0 |
||
| 999 |
_c59587 _d59587 |
||